| 000 | 02393nam2a2200265 4500 | ||
|---|---|---|---|
| 001 | RU\NLR\BIBL_A\022104570 | ||
| 005 | 20260406130853.0 | ||
| 035 | _a(NLR Aleph) 022104570 | ||
| 090 |
_a12757474 _c12757474 |
||
| 100 | _a20130426d1978 |||y0rusy50 ca | ||
| 101 | 0 | _arus | |
| 102 | _aRU | ||
| 105 | _ay g 010yy | ||
| 200 | 0 | _a[Вып.] 21-22 | |
| 210 |
_d1978 _aБ. м. |
||
| 215 | _a[32] с. | ||
| 320 | _aБиблиогр. в тексте | ||
| 327 | 1 | _aСодерж.: вып. 21: закладки к художественным произведениям Л. Н. Толстого, а также к мемуарной и биографической беллетризированной литературе о нем: посвящен 150-летию со дня рождения Л. Н. Толстого: Севастопольские рассказы; Война и мир; Воскресение / Л. Н. Толстой. Лев Толстой / М. Горький. Воспоминания / Т. Л. Сухотина-Толстая. Лев Толстой / В. Б. Шкловский. Жизнь Толстого / Р. Роллан; вып. 22: закладки к художественной и мемуарной литературе: Авроровцы / А. С. Неволин. Вторая программа / Т. К. Леонтьева. Люди из захолустья / А. Г. Малышкин. Бруски / Ф. И. Панферов. Брестская крепость / С. С. Смирнов. Волоколамское шоссе / А. А. Бек. И это называется будни / В. Ф. Попов | |
| 461 | 0 |
_1001RU\NLR\BIBL_A\022099823 _12001#$aЧто читать дальше по истории...$eкнижные закладки$fГосударственная публичная историческая библиотека$v[Вып.] 21-22 _912742975 _cМосква _d1971 _fГосударственная публичная историческая библиотека _nКнига _oкнижные закладки _tЧто читать дальше по истории... _v[Вып.] 21-22 |
|
| 702 | 1 |
_4280 _7ca _8rus _aТолстой _bЛ. Н. _f1828-1910 _gЛев Николаевич _9111537 _3RU\NLR\AUTH\771515 |
|
| 852 |
_aNLR _jс401-660/Ч-80 |
||
| 942 | _cBOOK | ||
| 980 | _aNB | ||